| 000 | 00848nam a22001937a 4500 | ||
|---|---|---|---|
| 999 |
_c61967 _d61967 |
||
| 003 | Ge_BSU | ||
| 005 | 20240617171243.0 | ||
| 008 | 240617s1973 ge ||||| |||| 00| 0 geo d | ||
| 041 | _ageo | ||
| 080 | _a611(075.8) ნ-23 | ||
| 100 |
_aნამორაძე, თ. _922458 |
||
| 245 |
_aადამიანის ანატომია : _bსახელმძღვ. პედ. ინ-ტების სტუდენტებისათვის / _cთ.ნამორაძე, დ. გაბუნია. |
||
| 264 |
_aთბ. : _bგანათლება, _c1973. |
||
| 300 |
_a423 გვ. : _bილ. ; _c22 სმ. |
||
| 653 | _aადამიანის ანატომია | ||
| 653 | _aმედიცინა | ||
| 700 |
_aგაბუნია, დ. _eავტორი _922459 |
||
| 942 |
_2udc _cᲬᲘᲒᲜᲘ |
||